វិទ្យាសាស្រ្ត ថ្នាក់ទី ៥ / (Record no. 9164)

MARC details
000 -LEADER
fixed length control field 01906nam a22002417a 4500
001 - CONTROL NUMBER
control field 9164
003 - CONTROL NUMBER IDENTIFIER
control field FISKH
005 - DATE AND TIME OF LATEST TRANSACTION
control field 20251126122725.0
008 - FIXED-LENGTH DATA ELEMENTS--GENERAL INFORMATION
fixed length control field 251126b cb ||||| |||| 00| 0 eng d
020 ## - INTERNATIONAL STANDARD BOOK NUMBER
International Standard Book Number 9789995001292
040 ## - CATALOGING SOURCE
Original cataloging agency FISKH
Language of cataloging khr
Transcribing agency FISKH
Modifying agency FISKH
082 ## - DEWEY DECIMAL CLASSIFICATION NUMBER
Classification number 507
100 ## - MAIN ENTRY--PERSONAL NAME
Personal name Kimsan, Eung
245 ## - TITLE STATEMENT
Title វិទ្យាសាស្រ្ត ថ្នាក់ទី ៥ /
Statement of responsibility, etc. គណ:កម្មការនិពន្ធ លោកស្រី អុឹង គឹមសាន ,​ លោក ព្រហ្ម តារិទ្ធ , លោកស្រី​ ថាច់ ធីសារ៉ន និង លោក គ្រួច សុខា
260 ## - PUBLICATION, DISTRIBUTION, ETC.
Place of publication, distribution, etc. ភ្នំពេញ :
Name of publisher, distributor, etc. គ្រឹះស្ថានបោះពុម្ពនិងចែកផ្សាយ ,
Date of publication, distribution, etc. ២០២១ .
300 ## - PHYSICAL DESCRIPTION
Extent 124 pages :
Other physical details illustrations ;
Dimensions 25 cm .
520 ## - SUMMARY, ETC.
Summary, etc. គណ:កម្មការនិពន្ធបង្កើតសៀវភៅនេះឡើងមានគោលបំណងចូលរួមលើកកំពស់គុណភាពអប់រំ ដោយធ្វើយ៉ាងណាអោយសិស្សយល់ដឹងពីបាតុភូតទាំងឡាយនៃវិទ្យាសាស្រ្តចេះដោះស្រាយបព្ហា និងស្រាវជ្រាវ ដើម្បីអោយយល់កាន់តែច្បាស់ពីបញ្ញត្តិវិទ្យាសាស្រ្ត ។
520 ## - SUMMARY, ETC.
Summary, etc. “The committee that authored this book aims to contribute to enhancing the quality of education by helping students understand various scientific phenomena, solve problems, and conduct research, so that they gain a clearer understanding of scientific principles.”
700 ## - ADDED ENTRY--PERSONAL NAME
Personal name Cheat , Ton
Relator term Illustrator
700 ## - ADDED ENTRY--PERSONAL NAME
Personal name Seurm , Kakada
Relator term Illustrator
942 ## - ADDED ENTRY ELEMENTS (KOHA)
Source of classification or shelving scheme Dewey Decimal Classification
Koha item type Khmer Books
Suppress in OPAC No
Holdings
Withdrawn status Lost status Source of classification or shelving scheme Damaged status Not for loan Collection Home library Current library Shelving location Date acquired Total Checkouts Full call number Barcode Date last seen Price effective from Koha item type
    Dewey Decimal Classification     Reference Footprints International School Library Network Toul Tom Poung Campus Footprints International School Library Network Toul Tom Poung Campus Librarian's Shelf TTP 11/26/2025   KIM 507 2025-4914 11/26/2025 11/26/2025 Khmer Books